| 000 | 01812cam a2200241 i 4500 | ||
|---|---|---|---|
| 020 | _a9789388945875 | ||
| 041 | _aENG | ||
| 082 |
_a230 _bPAT |
||
| 100 | 1 | _aPatta, Raj Bharath, | |
| 245 | 1 | 0 | _aDalitekklesia : A Church from Below |
| 260 |
_a2020 _bISPCK _c2020 |
||
| 300 | _axxxi, 160 pages ; | ||
| 490 | 0 | _aReimagining church as event : perspectives from the margins | |
| 505 | 0 | _aForeword - Colin Cowan -- Introduction - Praveen P.S. Perumalla -- Acknowledgements -- Prologue -- Part 1. The Locality of Dalitekklesia : Peta. chapter 1. Can we talk about caste in our church? -- chapter 2. The locality of Dalit Peta : mission discourses -- chapter 3. Listening to Ambedkar at our Peta : cast out caste -- chapter 4. Pain, pathos and Peta : A.P. Nirmal's Dalit theology -- Part II. The locus of Dalitekklesia : perspectives. chapter 5. Multiple identities of Dalit Christians : perspectives & possibilities -- chapter 6. When my grandma Annamma, Martin Luther & Pope Francis meet : a conversational reflection on reformation -- chapter 7. Dalits, Palestinians and tribal Adivasis in their quest for common struggle -- Part III. The localisation of Dalitekklesia : public witness. chapter 8. Remembering Ilavarasan, interrogating casteism : reimagining Christian public witness in India -- chapter 9. Fighting impunity : the saga of a victim of torture : reflection on Esther 1 -- chapter 10. When a thirsty Hagar speaks... : based on genesis 21:8-21 -- chapter 11. To Paul : a letter from Onesimus in response to Philemon 1 -- Afterword - N. Paul Divakar. | |
| 650 | 0 | _aTheology, Doctrinal | |
| 650 | 0 | _aDalits | |
| 650 | 0 | _aDalits | |
| 650 | 0 | _aChristian converts | |
| 650 | 0 | _aCaste | |
| 650 | 0 | _aChurch work with people with social disabilities | |
| 650 | 0 | _aMarginality, Social | |
| 942 | _cBK | ||
| 999 |
_c23628 _d23628 |
||